|
|
|
|
| LEADER |
00000nam a22000007a 4500 |
| 005 |
20170407232942.0 |
| 007 |
cr|||| |||| |
| 008 |
170407s2017 mx |||||s|||| 00||0 spa d |
| 020 |
|
|
|a 978-607-406-831-3
|
| 035 |
|
|
|a 20248
|
| 040 |
|
|
|a vLex
|
| 090 |
|
|
|c 6639
|d 6639
|
| 245 |
0 |
0 |
|a Agenda penal de la Ciudad de Mx̌ico 2017
|h [Recurso electrn̤ico] /
|
| 256 |
|
|
|a Servicio en ln̕ea
|
| 260 |
|
|
|a Mx̌ico DF:
|b Ediciones Fiscales ISEF,
|c 2017
|
| 300 |
|
|
|a 1 recurso electrn̤ico
|
| 500 |
|
|
|a La mejor recopilacin̤ en materia Penal, contiene los cambios relacionados con el Sistema de Justicia Penal Acusatorio.
|
| 506 |
1 |
|
|a Disponible solo en los productos indicados
|d vLex Global
|d vLex Global (Academic Edition, excluding Law Schools)
|d vLex Global (U.S. Academic Edition, Law Schools)
|d vLex Global (U.S. Academic Edition, excluding Law Schools)
|d vLex Global (Academic Edition, Law Schools)
|
| 650 |
0 |
4 |
|a Derecho Penal
|z Mx̌ico
|
| 740 |
0 |
|
|a vLex Libros (Servicio en ln̕ea)
|
| 856 |
4 |
0 |
|u http://vlex.com/source/agenda-penal-de-la-ciudad-de-mexico-2017-20248
|z Acceso restringido
|
| 942 |
|
|
|c BOOK
|
| 999 |
0 |
|
|a Criminal law
|